[Event "Novi Sad ol (Men)"]
[Site "Novi Sad"]
[Date "1990.??.??"]
[Round "8"]
[White "Sunye Neto, Jaime"]
[Black "Torre, Eugenio"]
[Result "1/2-1/2"]
[WhiteElo "2465"]
[BlackElo "2530"]

1.c4 c6 2.b3 e5 3.Bb2 d6 4.g3 Nf6 5.Bg2 Be7 6.d3 O-O 7.Nf3 Re8 8.O-O Nbd7
9.a3 Bf8 10.Nc3 d5 11.cxd5 cxd5 12.Rc1 a6 13.b4 b5 14.Qb3 Nb6 15.e4 d4 16.Ne2 Be6
17.Qd1 Na4 18.Ba1 Nd7 19.Qd2 f6 20.Nexd4 exd4 21.Nxd4 Bf7 22.Nc6 Qb6 23.Bd4 Bc5
24.Rxc5 Ndxc5 25.Na5 Qd6 26.Bxc5 Nxc5 27.bxc5 Qxc5 28.Qb4 Qc2 29.e5 fxe5
30.Bxa8 Rxa8 31.Qe4 Rc8 32.Qb7 Be6 33.Qxa6 Bh3 34.Qxb5 Bxf1 35.Kxf1 Qc1+
36.Kg2 Qc5 37.a4 Qxb5 38.axb5 Rc5 39.Nc6 Rxb5 40.Kf3 Kf7 41.Ke4 Kf6 42.d4 exd4
43.Nxd4 Rb2 44.Ke3 Ke5 45.Nf3+ Kd5 46.h3 Ra2 47.g4 h6 48.h4 Ra4 49.Nh2 g5
50.hxg5 hxg5 51.Kf3 Ra3+ 52.Kg2 Ke4 53.Nf1 Kf4 54.Nh2 Ra1 55.Nf1 Rd1 56.Nh2 Rd8
57.Kh3 Rd1 58.Kg2 Rb1 59.Nf1 Kxg4 60.Nd2 Rd1 61.Nf1 Kf4 62.Ng3 Rd3 63.Ne2+ Ke5
64.Ng3 g4 65.Ne2 Ra3 66.Ng3 Ra2 67.Nf1 Kf4 68.Ng3 Rb2 69.Nh5+ Kg5 70.Ng3 Rb4
71.Ne2 Rb3 72.Ng3 Ra3 73.Ne2 Kh4 74.Ng3 Kg5 75.Ne2 Kf5 76.Ng3+ Ke5 77.Ne2 Ke4
78.Ng3+  1/2-1/2

[Event "Novi Sad ol (Men)"]
[Site "Novi Sad"]
[Date "1990.??.??"]
[Round "10"]
[White "Landenbergue, Claude"]
[Black "Gomez Baillo, Jorge H"]
[Result "0-1"]
[WhiteElo "2380"]
[BlackElo "2435"]

1.c4 c6 2.Nf3 Nf6 3.g3 d5 4.Bg2 Bg4 5.cxd5 cxd5 6.O-O Nc6 7.d3 Qd7 8.Qa4 g6
9.Bg5 Bg7 10.Nc3 O-O 11.Bxf6 Bxf6 12.Nxd5 Bxb2 13.Rab1 Bg7 14.Qe4 Bf5 15.Qh4 h6
16.Nb4 Nd4 17.e3 g5 18.Nxg5 hxg5 19.Qxg5 Ne2+ 20.Kh1 e6 21.Rb3 Rac8 22.d4 Nc3
23.Rb2 a5 24.Nc2 b5 25.Ne1 b4 26.Qf4 Qc7 27.Qh4 e5 28.e4 Bh7 29.dxe5 Qxe5
30.f4 Qf6 31.Qxf6 Bxf6 32.e5 Bg7 33.Nf3 Be4 34.Nd4 Rfd8 35.Nb3 Rd5 36.Nxa5 Bxg2+
37.Kxg2 Rxa5 38.Rxb4 Nd5 39.Rb3 Rxa2+ 40.Rf2 Rxf2+ 41.Kxf2 Rc2+ 42.Kf3 Rxh2
43.Rd3 Ne7 44.Rd8+ Bf8 45.Kg4 Re2 46.Kg5 Kg7 47.Kg4 Re3 48.Rb8 Nc6 49.Rb7 Nd4
50.Kh4 Nf5+ 51.Kg4 Nd4 52.Kh4 Ne2 53.Rb6 Nxg3 54.e6 Be7+ 55.Kg4 f5+  0-1

[Event "Novi Sad ol (Men)"]
[Site "Novi Sad"]
[Date "1990.??.??"]
[Round "12"]
[White "Stohl, Igor"]
[Black "Ye Rongguang"]
[Result "1/2-1/2"]
[WhiteElo "2525"]
[BlackElo "2525"]

1.c4 c6 2.e4 d5 3.exd5 cxd5 4.d4 Nf6 5.Nc3 Nc6 6.Bg5 e6 7.Nf3 Be7 8.c5 O-O
9.Rc1 Ne4 10.Bxe7 Qxe7 11.Be2 Nxc3 12.Rxc3 e5 13.Nxe5 Nxe5 14.Re3 Qg5 15.Rxe5 Qxg2
16.Bf3 Qg6 17.h4 Bd7 18.h5 Qa6 19.h6 Rfe8 20.hxg7 Rxe5+ 21.dxe5 Re8 22.Rh5 Qg6
23.Qd4 Qb1+ 24.Kd2 Bf5 25.Rh1 Qc2+ 26.Ke3 Be6 27.Be2 Qg6 28.Kd2 Bf5 29.f4 b6
30.Rg1 Qc6 31.cxb6 Qc2+ 32.Ke3 axb6 33.Rg5 Be4 34.Qd2 Qc5+ 35.Qd4 Qc1+ 36.Qd2 Qc5+
37.Qd4 Qc1+ 38.Qd2  1/2-1/2

[Event "Oakham"]
[Site "Oakham"]
[Date "1990.??.??"]
[Round "?"]
[White "Badea, Bela"]
[Black "Summerscale, Aaron"]
[Result "1-0"]
[WhiteElo "2495"]
[BlackElo "2295"]

1.c4 c6 2.Nf3 d5 3.e3 Nf6 4.Nc3 g6 5.d4 Bg7 6.Bd3 O-O 7.O-O Nbd7 8.cxd5 cxd5
9.a4 b6 10.a5 bxa5 11.Qa4 Nb6 12.Qxa5 Bf5 13.Ba6 Bc8 14.Be2 Bb7 15.b3 Nc8
16.Qxd8 Rxd8 17.Ba3 Nd6 18.Ne5 Nfe4 19.Nxe4 dxe4 20.Bc5 Bd5 21.Nc4 Rab8 22.Rfb1 Nb5
23.Bf1 Rd7 24.b4 e6 25.Ra5 Bf8 26.Rba1 Rdb7 27.Nd2 f5 28.h3 g5 29.Nc4 f4
30.Ne5 Bg7 31.h4 fxe3 32.fxe3 gxh4 33.Bxb5 Rxb5 34.Rxb5 Rxb5 35.Rxa7 Bxe5
36.dxe5 Rb7 37.Ra5 Bc6 38.Kh2 Bb5 39.Kh3 Kg7 40.Kxh4 Kg6 41.Ra8 Bc4 42.Rg8+ Rg7
43.Rb8 Kf5 44.Rf8+  1-0

[Event "Oisterwijk (Women)"]
[Site "Oisterwijk"]
[Date "1990.??.??"]
[Round "4"]
[White "Roos, Celine"]
[Black "Finegold, Gina L"]
[Result "0-1"]
[WhiteElo "2125"]
[BlackElo "2025"]

1.c4 c6 2.e4 d5 3.cxd5 cxd5 4.exd5 Nf6 5.Qa4+ Nbd7 6.Nc3 g6 7.Nf3 Bg7 8.Bc4 O-O
9.Qb3 b6 10.d4 Bb7 11.O-O a6 12.a4 Qc7 13.Re1 Rac8 14.Bf1 Qd6 15.Bg5 Rfe8
16.Rac1 Rc7 17.Bh4 Nxd5 18.Ne4 Qf4 19.Bg5 Rxc1 20.Bxf4 Rxe1 21.Nxe1 Nxf4
22.Ng5 e6 23.Ngf3 Rc8 24.g3 Nd5 25.Bc4 N7f6 26.Ne5 Ne4 27.N1f3 Nd6 28.Bf1 Nf5
29.Qd1 Bh6 30.Nd3 a5 31.g4 Nfe3 32.fxe3 Nxe3 33.Qe2 Rc2 34.Nf2 Rxe2 35.Bxe2 Bc6
36.b3 Bd5 37.g5 Bg7 38.Ne5 Bxe5 39.dxe5 Bxb3 40.Bb5 Nd5 41.Ne4 Bc2 42.Nd6 Nc3
43.Be8 Bb3 44.Kf1 Nxa4 45.Bxf7+ Kf8 46.Ke2 Nc5 47.Kd2 a4 48.Be8 a3  0-1

[Event "URS-chT"]
[Site "Podolsk"]
[Date "1990.??.??"]
[Round "?"]
[White "Donchenko, Anatoly G"]
[Black "Milov, Leonid"]
[Result "1/2-1/2"]
[WhiteElo "2345"]
[BlackElo "2300"]

1.c4 c6 2.d4 d5 3.Nc3 Nf6 4.e3 g6 5.Nf3 Bg7 6.b4 O-O 7.Bb2 Ne4 8.Be2 Bg4
9.Qb3 dxc4 10.Qxc4 Nd6 11.Qd3 Nd7 12.Rd1 Qb6 13.a3 a5 14.Na4 Qc7 15.Nc5 axb4
16.axb4 Ra2 17.Qb3 Rfa8 18.O-O Nxc5 19.bxc5 Ne4 20.Ng5 Nxg5 21.Bxg4 Ne4 22.Bc1 Kf8
23.g3 e6 24.Bf3 Nf6 25.e4 e5 26.dxe5 Nd7 27.e6 Nxc5 28.Qb4 Qa5 29.Bd2 Rxd2
30.Qxa5 Rxa5 31.Rxd2 fxe6 32.Rb1 Ke7 33.Rb6 Bc3 34.Rd1 Ra2 35.Bg4 e5 36.f4 Bd4+
37.Kh1 Kf6 38.fxe5+ Kxe5 39.Rb4 Be3 40.Rd8 h5 41.Bf3 Rf2 42.Bg2 Rd2 43.Re8+ Kf6
44.Rb1 Kf7 45.Rc8 Ke6 46.Re8+ Kf7 47.Rc8 Ke6  1/2-1/2

[Event "URS-chT"]
[Site "Podolsk"]
[Date "1990.??.??"]
[Round "?"]
[White "Gabdrakhmanov, Rafail"]
[Black "Milov, Leonid"]
[Result "1-0"]
[WhiteElo "2350"]
[BlackElo "2300"]

1.c4 c6 2.b3 d5 3.Bb2 Bf5 4.Nf3 e6 5.g3 Nf6 6.Bg2 Be7 7.O-O O-O 8.d3 a5 9.a3 h6
10.Nbd2 Nbd7 11.Qc2 Bh7 12.Bc3 c5 13.e4 Ra6 14.Rab1 Qc7 15.Rfe1 d4 16.Bb2 e5
17.Nh4 g6 18.Bc1 Nh5 19.Ndf3 Kg7 20.Qd2 g5 21.Nf5+ Bxf5 22.exf5 g4 23.f6+ Rxf6
24.Nh4 Kh8 25.Qd1 Rg8 26.Re4 Rb6 27.Rxg4 Ng7 28.Bd2 Ra6 29.Bd5 Nf6 30.Bxf7 Nxg4
31.Qxg4 Bxh4 32.Bxg8 Bxg3 33.Bd5 Bf4 34.Bxf4 exf4 35.Re1 Qd8 36.Kh1 Rf6 37.Bxb7 Qf8
38.Re5 Rf5 39.Qe2 Ne6 40.Bc8  1-0

[Event "URS-ch (Women)"]
[Site "Podolsk"]
[Date "1990.??.??"]
[Round "15"]
[White "Matveeva, Svetlana"]
[Black "Stepovaia Dianchenko, Tatiana"]
[Result "1/2-1/2"]
[WhiteElo "2370"]
[BlackElo "2290"]

1.c4 c6 2.e4 d5 3.exd5 cxd5 4.d4 Nf6 5.Nc3 Nc6 6.Nf3 Bg4 7.cxd5 Nxd5 8.Qb3 Bxf3
9.gxf3 e6 10.Qxb7 Nxd4 11.Bb5+ Nxb5 12.Qxb5+ Qd7 13.Qxd7+ Kxd7 14.Nxd5 exd5
15.Be3 Bb4+ 16.Ke2 Rhc8  1/2-1/2

[Event "Bohemians"]
[Site "Prague"]
[Date "1990.??.??"]
[Round "?"]
[White "Landenbergue, Claude"]
[Black "Haba, Petr"]
[Result "0-1"]
[WhiteElo "2385"]
[BlackElo "2435"]

1.c4 c6 2.e4 d5 3.exd5 cxd5 4.d4 Nf6 5.Nc3 e6 6.Nf3 Bb4 7.cxd5 exd5 8.Bd3 O-O
9.h3 Re8+ 10.Be3 Ne4 11.Qc2 Nc6 12.O-O Bxc3 13.bxc3 Bf5 14.Rab1 Na5 15.Ng5 Rc8
16.Nxe4 Bxe4 17.f3 Nc4 18.Bc1 Bxd3 19.Qxd3 b6 20.Bd2 Qd7 21.Rbe1 g6 22.Rxe8+ Rxe8
23.Re1 f6 24.Kf2 Kf7 25.Re2 Rxe2+ 26.Qxe2 Qa4 27.Bc1 a6 28.g4 Qd7 29.Qd1 a5
30.Bf4 Qc6 31.Qb3 Ke7 32.Bc1 Kd7 33.Bf4 Kc8 34.Qd1 Kd8 35.h4 Qd7 36.Qe2 Kc8
37.Kg3 Kd8 38.g5 Qe7 39.Qd1 Kc8 40.Qa4 Qd7 41.Qxd7+ Kxd7 42.gxf6 Ke6 43.Be5 b5
44.Kf2 Nd6 45.Bxd6 Kxd6 46.f4 Ke6 47.f5+ Kxf6 48.fxg6 Kxg6 49.Kg3 Kf5 50.h5 Kg5
51.h6 Kxh6 52.Kf4 Kg6 53.Ke5 h5 54.Kxd5 Kf5 55.Kc5 h4 56.d5 h3 57.d6 Ke6  0-1

[Event "Bohemians (Women)"]
[Site "Prague"]
[Date "1990.??.??"]
[Round "?"]
[White "Palatkova, Eliska"]
[Black "Finegold, Gina L"]
[Result "1-0"]
[WhiteElo "2040"]
[BlackElo "2025"]

1.c4 c6 2.g3 d5 3.b3 Nf6 4.Bb2 Bf5 5.Bg2 e6 6.Nf3 h6 7.O-O Be7 8.d3 O-O 9.Nbd2 Nbd7
10.Re1 Bh7 11.a3 a5 12.Rc1 Qb6 13.d4 Ne4 14.Nxe4 Bxe4 15.Nd2 Bxg2 16.Kxg2 f5
17.Qc2 f4 18.e4 dxc4 19.Qxc4 c5 20.d5 Qc7 21.Nf3 g5 22.dxe6 Nf6 23.e5 Nh5
24.g4 Ng7 25.Rcd1 Qc6 26.Rd6 b5 27.Rxc6 bxc4 28.bxc4 Rab8 29.Bc3 Rb3 30.Bxa5 Rxa3
31.Bb6 Ra6 32.Rc7 Re8 33.Bxc5 Bxc5 34.Rxc5 Nxe6 35.Rd5 Rc6 36.c5 Rxc5 37.Rxc5 Nxc5
38.Rc1 Nd3 39.Rc6 Nxe5 40.Nxe5 Rxe5 41.Rxh6 Kg7 42.Rh5 Kf6 43.h4 gxh4 44.Rxe5 Kxe5
45.Kh3 f3 46.Kxh4  1-0

[Event "Vysehrad"]
[Site "Prague"]
[Date "1990.??.??"]
[Round "1"]
[White "David, Pavel"]
[Black "Pergericht, Daniel"]
[Result "1/2-1/2"]
[WhiteElo "2440"]
[BlackElo "2280"]

1.c4 c6 2.e4 d5 3.cxd5 cxd5 4.exd5 Nf6 5.Nc3 Nxd5 6.Nf3 Nc6 7.d4 Bf5 8.Bc4 Nxc3
9.bxc3 e6 10.O-O Be7 11.Qe2 O-O 12.a4 Qa5 13.Bb2 Rfd8 14.Rfd1 Bf6 15.Nd2 Rac8
16.Ba2 Nxd4 17.cxd4 Rc2 18.Qe3 Rxb2 19.Nc4  1/2-1/2

[Event "Prague T7"]
[Site "Prague"]
[Date "1990.??.??"]
[Round "5"]
[White "Pribyl, Josef"]
[Black "Roeder, Frank"]
[Result "1/2-1/2"]
[WhiteElo "2440"]
[BlackElo "2340"]

1.c4 c6 2.e4 d5 3.exd5 cxd5 4.cxd5 Nf6 5.Nc3 Nxd5 6.Nf3 e6 7.d4 Be7 8.Bd3 Nc6
9.O-O O-O 10.Re1 Ncb4 11.Bb1 Nf6 12.Bg5 b6 13.a3 Nbd5 14.Qd3 g6 15.Ne5 Bb7
16.Qh3 Nh5  1/2-1/2

[Event "Vysehrad"]
[Site "Prague"]
[Date "1990.??.??"]
[Round "7"]
[White "Pribyl, Josef"]
[Black "Pergericht, Daniel"]
[Result "1/2-1/2"]
[WhiteElo "2440"]
[BlackElo "2280"]

1.c4 c6 2.e4 d5 3.exd5 cxd5 4.d4 Nf6 5.Nc3 Nc6 6.Nf3 Bg4 7.cxd5 Nxd5 8.Qb3 Bxf3
9.gxf3 Nb6 10.Be3 e6 11.O-O-O Be7 12.Bd3 O-O 13.Be4 Na5 14.Qb5 Nac4 15.Qh5 g6
16.Rhg1 Qe8 17.Bh6 Kh8 18.Bxf8 gxh5 19.Bg7+ Kg8 20.Bh6+ Kh8 21.Bg7+ Kg8 22.Bf6+ Kf8
23.Rg8+ Kxg8 24.Rg1+ Kf8 25.Bg7+ Kg8 26.Bf6+  1/2-1/2

[Event "Ptuj"]
[Site "Ptuj"]
[Date "1990.??.??"]
[Round "?"]
[White "Ivacic, Vladimir"]
[Black "Crepan, Marjan"]
[Result "0-1"]
[WhiteElo "2300"]
[BlackElo "2365"]

1.c4 c6 2.Nf3 Nf6 3.g3 d5 4.b3 Bf5 5.Bg2 e6 6.O-O Be7 7.Bb2 O-O 8.d3 a5 9.Nh4 Bg4
10.h3 Bh5 11.g4 Nfd7 12.Nf3 Bg6 13.Nc3 Na6 14.Rc1 Nac5 15.cxd5 exd5 16.Qd2 Qb8
17.Nd4 Ne6 18.Nxe6 fxe6 19.f4 Bd6 20.e3 d4 21.Ne2 Bb4 22.Qc2 dxe3 23.Qc4 Qd6
24.Rcd1 Rad8 25.Be4 Bd2 26.Bd4 b5 27.Qxc6 Qxc6 28.Bxc6 Bxd3 29.Bf3 e5 30.Bc3 Bxe2
31.Rxd2 Bxf3 32.Rd6 e4 33.Bxa5 Ra8 34.Bc3 Nc5 35.Bd4 e2  0-1

[Event "Ptuj"]
[Site "Ptuj"]
[Date "1990.??.??"]
[Round "?"]
[White "Podvrsnik, Marko"]
[Black "Crepan, Marjan"]
[Result "0-1"]
[WhiteElo "2310"]
[BlackElo "2365"]

1.c4 c6 2.d4 d5 3.cxd5 cxd5 4.Nc3 Nf6 5.Bg5 Nc6 6.e3 a6 7.Bd3 Bg4 8.Nge2 e6
9.Rc1 Be7 10.O-O Rc8 11.f3 Bh5 12.Nf4 Bg6 13.Nxg6 hxg6 14.f4 Ng8 15.Qf3 Rc7
16.Bxe7 Ngxe7 17.g4 Nc8 18.f5 gxf5 19.gxf5 Qh4 20.Qg3 Qxg3+ 21.hxg3 Nd6 22.fxe6 fxe6
23.Ne2 Rh6 24.Kg2 Re7 25.Nf4 g5 26.Ng6 Rf7 27.Rh1 Rfh7 28.Rxh6 Rxh6 29.Rf1 Nb4
30.Rf8+ Kd7 31.Ne5+ Ke7 32.Rg8 Nxd3 33.Nxd3 Nf5 34.Kf2 Rh2+ 35.Kf3 Rd2 36.Nc5 b6
37.Nxa6 Rd3 38.Rxg5 Nxd4+ 39.Kg4 Rxe3 40.b3 Nf5 41.Kh3 d4 42.Nb4 Kf6 43.Rg8 Kf7
44.Rb8 Rxg3+ 45.Kh2 e5 46.Rb7+ Kg6 47.Nd5 Rf3 48.Rxb6+ Kg5 49.Rb8 d3 50.Rg8+ Kh6
51.Nc3 d2 52.Nd1 e4 53.Rd8 e3  0-1

[Event "CRO-Cup"]
[Site "Pula"]
[Date "1990.??.??"]
[Round "?"]
[White "Dimovski, Nikola"]
[Black "Bajovic, Milan"]
[Result "1-0"]
[WhiteElo "2410"]
[BlackElo "2330"]

1.c4 c6 2.Nf3 d5 3.e3 Nf6 4.b3 Bf5 5.Bb2 h6 6.Be2 e6 7.O-O Be7 8.d4 O-O 9.Ba3 Nbd7
10.Qc1 a5 11.Qb2 Bb4 12.Bxb4 axb4 13.a4 Qa5 14.Nbd2 Ne4 15.Nxe4 Bxe4 16.Nd2 Bh7
17.Rac1 Rac8 18.Rfd1 Rfd8 19.Nf3 Be4 20.Nd2 Bg6 21.Nf3 Bh5 22.Ne1 Bxe2 23.Qxe2 b6
24.Nd3 c5 25.Nb2 Nf6 26.f3 Qa6 27.Kf2 Qb7 28.Rd2 Qb8 29.h3 dxc4 30.Rxc4 Nd5
31.dxc5 bxc5 32.Rcc2 Nc3 33.Qe1 Qe5 34.Nc4 Qf6 35.Kg1 Rxd2 36.Rxd2 Nd5 37.Rd3 Ne7
38.Qf2 Ng6 39.Qb2 Qxb2 40.Nxb2 Ne5 41.Rd1 c4 42.bxc4 Nxc4 43.Rc1 Nd6 44.Rxc8+ Nxc8
45.Kf2 Kf8 46.Ke2 Ke7 47.Kd3 Kd6 48.Kc4 Ne7 49.e4 f5 50.Nd3 fxe4 51.fxe4 Nc6
52.Nxb4 Ne5+ 53.Kb5 g5 54.a5 h5 55.Nc2 Nc6 56.a6 Kc7 57.g3 h4 58.g4 e5 59.Kc5 Ne7
60.Nb4  1-0

[Event "DEN-ch"]
[Site "Randers"]
[Date "1990.??.??"]
[Round "?"]
[White "Larsen, S."]
[Black "Pedersen, Finn"]
[Result "1/2-1/2"]
[WhiteElo "2365"]
[BlackElo "2275"]

1.c4 c6 2.d4 d5 3.e3 Nf6 4.Nc3 g6 5.Nf3 Bg7 6.Bd3 Bg4 7.h3 Bxf3 8.Qxf3 O-O
9.O-O e6 10.Rd1 Nbd7 11.Rb1 Qe7 12.b3 h6 13.Bf1 Rfd8 14.Bb2 Nh7 15.Qg3 Ndf6
16.f4 Nh5 17.Qf2 f5 18.c5 Bf6 19.g3 Kh8 20.Be2 Rg8 21.Kh2 Ng7 22.Bf3 g5 23.Ne2 Qc7
24.Bc3 Raf8 25.b4 a6 26.a4 Ra8 27.Rb2 Rgb8 28.Rdb1 Be7 29.Nc1 Nf6 30.Nd3 h5
31.Ne5 g4 32.hxg4 fxg4 33.Bg2 Nf5 34.Kg1 b5 35.Ra1 Kg7 36.Rba2 Qb7 37.Be1 Bd8
38.axb5 axb5 39.Ra3 Rxa3 40.Rxa3 Ra8 41.Qa2 Rxa3 42.Qxa3 Bc7 43.Kh2 Bxe5
44.dxe5 Ne4 45.Qd3 Qa7 46.Bxe4 dxe4 47.Qd2 Kf7 48.Qd8 Qa2+ 49.Kg1 Qd5 50.Qf6+ Kg8
51.Qg6+ Ng7 52.Bf2 Qd1+ 53.Kg2 Qf3+ 54.Kg1 Qd1+ 55.Kg2 Qd7 56.Qxe4 Nf5 57.Qc2 h4
58.e4 h3+ 59.Kh2 Nh6 60.Be3 Qa7 61.f5 Nf7 62.Bf4 Qd7 63.Qa2 Nd8 64.Bg5 Kf8
65.Qe2 Nf7 66.Qxg4 Qd4 67.Bf6 Qf2+ 68.Kxh3 Qf1+ 69.Kh2 Qf2+ 70.Kh3 Qf1+ 71.Kh2  1/2-1/2

[Event "DEN-ch"]
[Site "Randers"]
[Date "1990.??.??"]
[Round "?"]
[White "Kroll, Ove"]
[Black "Pedersen, Finn"]
[Result "1-0"]
[WhiteElo "2340"]
[BlackElo "2275"]

1.c4 c6 2.Nc3 d5 3.d4 Nf6 4.cxd5 cxd5 5.Bf4 Nc6 6.e3 e6 7.Bd3 Be7 8.Nf3 O-O
9.Ne5 Nxe5 10.Bxe5 Nd7 11.Bg3 f5 12.O-O Nf6 13.f3 Bd6 14.Qe1 a6 15.Rc1 Nh5
16.Bxd6 Qxd6 17.Qh4 g6 18.g4 Nf6 19.g5 Ne8 20.Ne2 Bd7 21.Qf4 Bb5 22.Rfd1 Rf7
23.Kf2 Rd7 24.Qxd6 Nxd6 25.Nf4 Re7 26.Rc5 Bc4 27.b3 Bxd3 28.Nxd3 Kg7 29.Rdc1 Rae8
30.Rc7 Nf7 31.h4 h6 32.f4 h5 33.Ke2 Nd6 34.a4 Kf8 35.Ne5 Kg7 36.Kd3 Nf7 37.Nd7 Rd8
38.Nc5 Kf8 39.Nxb7 Rxc7 40.Rxc7 Rb8 41.Nc5 Ke8 42.Rc6  1-0

[Event "Rotterdam knok"]
[Site "Rotterdam"]
[Date "1990.??.??"]
[Round "1"]
[White "Winants, Luc"]
[Black "Gelpke, Peter"]
[Result "1/2-1/2"]
[WhiteElo "2455"]
[BlackElo "2390"]

1.c4 c6 2.e4 d6 3.d4 g6 4.Nc3 Bg7 5.Be2 Qb6 6.Nf3 Bg4 7.Na4 Qa5+ 8.Bd2 Qc7
9.Be3 Nd7 10.O-O Ngf6 11.h3 Bxf3 12.Bxf3 O-O 13.b4 e5 14.d5 b5 15.dxc6 bxa4
16.cxd7 Qxc4 17.Qxd6 Rfd8 18.Rfc1 Qb5 19.Qc6 Qxc6 20.Rxc6 Rxd7 21.Ra6 Rb7
22.Rxa4 Bf8 23.Rb1 Nd7 24.Be2 Nc5 25.Ra5 Nxe4 26.Bf3 f5 27.Bxe4 fxe4 28.b5 Bd6
29.Ra6 Bc7 30.a4 Bb6 31.Rd1 Rf8 32.Re1 Kg7 33.Bxb6 axb6 34.Rxe4 Re8 35.f4 Kf6
36.fxe5+ Rxe5 37.Rc4 Kg5 38.Kh2 Re2 39.Rd4 Ra2 40.Ra8 Rf7 41.Rg4+ Kh6 42.Rb8 Ra7
43.Rxb6 R2xa4 44.Rxa4 Rxa4 45.Rb7 Ra2 46.h4 Rb2  1/2-1/2

[Event "Schwaebisch Gmuend op"]
[Site "Schwaebisch Gmuend"]
[Date "1990.??.??"]
[Round "?"]
[White "Adamski, Jan"]
[Black "Meduna, Eduard"]
[Result "1/2-1/2"]
[WhiteElo "2410"]
[BlackElo "2485"]

1.c4 c6 2.d4 d5 3.Nc3 Nf6 4.cxd5 cxd5 5.Nf3 Nc6 6.Bf4 Bf5 7.e3 e6 8.Bd3 Bxd3
9.Qxd3 Bd6 10.Bxd6 Qxd6 11.O-O O-O 12.Rac1  1/2-1/2

[Event "Wch U18"]
[Site "Singapore"]
[Date "1990.??.??"]
[Round "?"]
[White "Lim, Jeremy"]
[Black "Payen, Arnaud"]
[Result "0-1"]
[WhiteElo "2365"]
[BlackElo "2270"]

1.c4 c6 2.e4 d5 3.exd5 Nf6 4.Nc3 cxd5 5.cxd5 Nxd5 6.d4 e6 7.Nf3 Bb4 8.Bd2 Nc6
9.Bd3 O-O 10.O-O Be7 11.Ne4 Ndb4 12.Bxb4 Nxb4 13.Bb1 b6 14.a3 Nd5 15.Qc2 g6
16.Ne5 Bb7 17.Nc6 Bxc6 18.Qxc6 Qe8 19.Qxe8 Rfxe8 20.Ba2 Red8 21.Rad1 Nf6
22.Ng5 h6 23.Nf3 Rac8 24.Bb3 Nd5 25.g3 Bf6 26.Rc1 Ne7 27.Rfd1 Rxc1 28.Rxc1 Nf5
29.Kg2 Nxd4 30.Nxd4 Bxd4 31.Rd1 Kf8 32.Bc4 Ke7 33.b3 e5 34.h4 f5 35.f4 e4
36.Kh3 Kf6 37.Kg2 g5 38.hxg5+ hxg5 39.a4 gxf4 40.gxf4 Rd7 41.Kf1 Rd6 42.Ke2 Kg6
43.Rh1 a5 44.Rh3 Bg7 45.Rh1 Bc3 46.Rg1+ Kf6 47.Rd1 Bd4 48.Rh1 Kg7 49.Rh3 Rg6
50.Rh1 Rg2+ 51.Ke1 Rf2 52.Rh4 Rf3 53.Ke2 Rf2+ 54.Ke1 e3 55.Bb5 Bc3+ 56.Kd1 Rd2+  0-1

[Event "URS-ch U20"]
[Site "Sochi"]
[Date "1990.??.??"]
[Round "?"]
[White "Kramnik, Vladimir"]
[Black "Rublevsky, Sergei"]
[Result "1/2-1/2"]
[WhiteElo "2490"]
[BlackElo "2300"]

1.c4 c6 2.d4 d5 3.cxd5 cxd5 4.Bf4 Nc6 5.e3 Nf6 6.Nc3 Bf5 7.Bb5 Rc8 8.Nf3 e6
9.O-O Nd7 10.Qa4 a6 11.Bxc6 Rxc6 12.Rfc1 Be7 13.Nd1 b5 14.Qb3 Rc4 15.Nd2 Rxc1
16.Rxc1 O-O 17.Qc3 b4 18.Qc6 Bd3 19.Qb7 Nf6 20.Rc7 Bd6 21.Bxd6 Qxd6 22.f4 Qd8
23.Nf3 Ne8 24.Rd7 Qa5 25.h3  1/2-1/2

[Event "Stockholm"]
[Site "Stockholm"]
[Date "1990.??.??"]
[Round "?"]
[White "Cramling, Pia"]
[Black "Wessman, Richard"]
[Result "1/2-1/2"]
[WhiteElo "2505"]
[BlackElo "2500"]

1.c4 c6 2.e4 d6 3.d4 Nd7 4.Nc3 e5 5.Nf3 Ne7 6.Be2 Ng6 7.g3 Nf6 8.h4 Bg4 9.Be3 Be7
10.Nh2 Bxe2 11.Qxe2 h5 12.d5 Qd7 13.Rd1 c5 14.a3 Bd8 15.Rb1 Rc8 16.Nf1 Ng4
17.Bd2 Ba5 18.b4 Bb6 19.f3 Nh6 20.Qd3 Ne7 21.Be3 f6 22.Nd2 Nf7 23.Kf2 g5
24.Qc2 cxb4 25.axb4 Bxe3+ 26.Kxe3 b5 27.Qa2 bxc4 28.Qa6 g4 29.Rhc1 gxf3 30.Qb5 Rg8
31.Qxd7+ Kxd7 32.Kxf3 Rg4 33.Ra1 Rc7 34.Ra5 f5 35.Nb5 Rb7 36.Rxc4 f4 37.Nf1 Ng6
38.Rxa7 Rxa7 39.Nxa7 fxg3 40.Nxg3 Nxh4+ 41.Kf2 Ng5 42.Nxh5 Rg2+ 43.Ke3 Ra2
44.Nc6 Ng2+ 45.Kd3 Ra3+ 46.Kd2 Rf3 47.b5 Ne3 48.Rb4 Nxe4+ 49.Rxe4 Nxd5 50.Rg4 Kc7
51.Nb4 Nxb4 52.Rxb4 Kb6 53.Ng7 d5 54.Rb1 e4 55.Ne6 d4 56.Rb4 d3 57.Rxe4 Rf2+
58.Kxd3 Kxb5 59.Nd4+ Kc5 60.Re5+ Kd6 61.Ke4 Rh2  1/2-1/2

[Event "JUG-Cup"]
[Site "Svetozarevo"]
[Date "1990.??.??"]
[Round "?"]
[White "Stankovic, Dragan"]
[Black "Karaklajic, Nikola"]
[Result "1/2-1/2"]
[WhiteElo "2295"]
[BlackElo "2375"]

1.c4 c6 2.d4 d5 3.Nf3 Nf6 4.Nc3 e6 5.cxd5 exd5 6.Bg5 h6 7.Bh4 Bf5 8.Qb3 g5
9.Bg3 Qb6 10.e3 Nbd7 11.Be2 Ne4 12.Nd2 Qxb3 13.axb3 Bb4 14.Ndxe4 Bxe4 15.f3 Bc2
16.Bd1 Bxd1 17.Kxd1 f5 18.h4 g4 19.fxg4 fxg4 20.Rf1 a6 21.Ke2 O-O-O 22.Nxd5 cxd5
23.Rac1+ Nc5 24.dxc5 Rhe8 25.Kd3 Re6 26.Rf7 Rd7 27.Rf4 Rde7 28.Rf8+ Kd7 29.Bf4 Kc6
30.Rd8 Rd7 31.Rc8+ Kb5 32.g3 h5 33.Rc2 a5 34.Rh8 Bxc5 35.Rxh5 b6 36.Rg5 Kb4
37.Rc3 Bxe3 38.Rxg4 d4 39.Bxe3 Rxe3+ 40.Kc2 Re2+ 41.Kb1 Re1+ 42.Kc2 Kb5 43.Rg5+ Ka6
44.Rd3 Re2+ 45.Rd2 Re3 46.Rd3 Re2+ 47.Rd2 Re3  1/2-1/2

[Event "Tarrassa"]
[Site "Tarrassa"]
[Date "1990.??.??"]
[Round "7"]
[White "Cramling, Pia"]
[Black "Bellon Lopez, Juan Manuel"]
[Result "1/2-1/2"]
[WhiteElo "2470"]
[BlackElo "2445"]

1.c4 c6 2.e4 d5 3.exd5 cxd5 4.cxd5 Nf6 5.Nc3 g6 6.Nf3 Bg7 7.d4 O-O 8.Be2 Nxd5
9.O-O Nc6 10.h3 b6 11.Re1 Bb7 12.Bg5 h6 13.Be3 e6 14.Qd2 Kh7 15.Rac1 Rc8
16.Red1  1/2-1/2

[Event "Tastrup"]
[Site "Tastrup"]
[Date "1990.??.??"]
[Round "2"]
[White "Hansen, Lars Bo"]
[Black "Hector, Jonny"]
[Result "1-0"]
[WhiteElo "2460"]
[BlackElo "2465"]

1.c4 c6 2.d4 d5 3.Nf3 Nf6 4.Nc3 dxc4 5.a4 Bf5 6.e3 e6 7.Bxc4 Bb4 8.O-O Nbd7
9.Qb3 Qe7 10.Bd2 O-O 11.Rfe1 a5 12.h3 Rad8 13.e4 Bxc3 14.Bxc3 Nxe4 15.Bxa5 b6
16.Bb4 c5 17.Ba3 Ndf6 18.Qxb6 Rb8 19.Qa5 Rfc8 20.dxc5 Ra8 21.Qb4 Qa7 22.Bb5 Nxc5
23.Rec1 Nce4 24.Qd4 Qb7 25.Rxc8+ Rxc8 26.Ne5 h6 27.f3 Ng3 28.Kh2 Nfh5 29.Nc4 Ne2
30.Qb6 Qd5 31.Qd6 Nd4 32.Qxd5 exd5 33.Nd6 Nxf3+ 34.gxf3 Rc2+ 35.Kg1 Bxh3
36.Bf1 Bd7 37.a5 Nf4 38.a6 d4 39.Rd1 d3 40.Ne4 Bb5 41.a7 Bc6 42.Bxd3 Rg2+
43.Kh1 f5 44.Bd6  1-0

[Event "Tastrup-B"]
[Site "Tastrup"]
[Date "1990.??.??"]
[Round "7"]
[White "Adamski, Jan"]
[Black "Bang, Andreas"]
[Result "1/2-1/2"]
[WhiteElo "2410"]
[BlackElo "2345"]

1.c4 c6 2.Nf3 d5 3.e3 Nf6 4.Nc3 a6 5.d4 b5 6.cxd5 cxd5 7.Ne5 e6 8.Bd3 Nbd7
9.f4 Bb7 10.O-O Bd6 11.a3  1/2-1/2

[Event "Toulouse op"]
[Site "Toulouse"]
[Date "1990.??.??"]
[Round "6"]
[White "Bricard, Emmanuel"]
[Black "Kirov, Nino"]
[Result "1/2-1/2"]
[WhiteElo "2375"]
[BlackElo "2445"]

1.c4 c6 2.e4 d5 3.exd5 cxd5 4.d4 Nf6 5.Nc3 g6 6.cxd5 Bg7 7.Qb3 O-O 8.Be2 Na6
9.Bf3 Qb6 10.Nge2 Qxb3 11.axb3 Nb4 12.O-O Rd8 13.Ra5 a6 14.Bf4 Ne8  1/2-1/2

[Event "Toulouse op"]
[Site "Toulouse"]
[Date "1990.??.??"]
[Round "6"]
[White "Werner, Dimo"]
[Black "Velikov, Petar"]
[Result "1/2-1/2"]
[WhiteElo "2350"]
[BlackElo "2495"]

1.c4 c6 2.d4 d5 3.cxd5 cxd5 4.Nc3 Nf6 5.Nf3 Nc6 6.Bf4 Bf5 7.e3 e6 8.Bb5 Nd7
9.Rc1 Rc8 10.O-O Be7 11.h3 O-O 12.Na4 Na5 13.Qe2 Nf6 14.Ne5 a6 15.Bd3 Bxd3
16.Nxd3 Nc4 17.b3 Nd6 18.Rxc8 Qxc8 19.Rc1 Qd8 20.Ndc5 Nfe4 21.Nxe4 Nxe4 22.Bc7 Qe8
23.Nb6 Ba3 24.Rc2 Qe7 25.f3 Nd6 26.Qd3 Nb5 27.Bg3 Qg5 28.Bf4 Qd8 29.Na4 Bd6
30.Bxd6 Nxd6 31.Nc3 Qe7 32.Ne2 Qd7 33.Rc5 Rc8 34.Qc3 h6 35.Rxc8+ Qxc8 36.Qxc8+ Nxc8
37.Kf2 Kf8 38.e4 dxe4 39.fxe4 Ke7 40.Ke3 Na7 41.Kd3  1/2-1/2

[Event "Toulouse op"]
[Site "Toulouse"]
[Date "1990.??.??"]
[Round "9"]
[White "Roos, Celine"]
[Black "Viladiu Martinez, Josep"]
[Result "1/2-1/2"]
[WhiteElo "2125"]
[BlackElo "2315"]

1.c4 c6 2.e4 e5 3.Nf3 Qc7 4.Nc3 Bb4 5.d4 d6 6.Be2 Nf6 7.Qc2 Bg4 8.Be3 O-O
9.O-O Nbd7 10.Rfe1 Bxc3 11.bxc3 c5 12.Rab1 cxd4 13.cxd4 b6 14.Nd2 Rfc8 15.f3 Bh5
16.d5 Nc5 17.Rb2 Bg6 18.Ra1 Nb7 19.Qc3 Nd7 20.a4 Ndc5 21.Nb3 Nxb3 22.Rxb3 f5
23.exf5 Bxf5 24.Rb2 Na5 25.Rc1 Rf8 26.Qd2 Nb7 27.Kh1 Bd7 28.Ra1 Rac8 29.Qb4 Kh8
30.Kg1  1/2-1/2

[Event "USA op"]
[Site "USA"]
[Date "1990.??.??"]
[Round "?"]
[White "Chernin, Alexander"]
[Black "Strauss, David J"]
[Result "1/2-1/2"]
[WhiteElo "2600"]
[BlackElo "2410"]

1.c4 c6 2.d4 d5 3.Nf3 Nf6 4.Qc2 g6 5.Bf4 Bf5 6.Qb3 Qb6 7.Nbd2 Bg7 8.e3 Nbd7
9.h3 O-O 10.c5 Qxb3 11.axb3 Ne4 12.b4 Rfe8 13.Nb3 e5 14.Bxe5 Nxe5 15.Nxe5 Bxe5
16.dxe5 Rxe5 17.Be2 a6 18.Nd4 Rae8 19.Ra3 Bc8 20.g4 Kg7 21.Rg1 h6 22.Rg2 R8e7
23.h4 Nf6 24.Kd2  1/2-1/2

[Event "USA op"]
[Site "USA"]
[Date "1990.??.??"]
[Round "?"]
[White "Burger, Karl"]
[Black "Marchand, Erich Watkinson"]
[Result "1/2-1/2"]
[WhiteElo "2345"]
[BlackElo "2205"]

1.c4 c6 2.e4 d5 3.exd5 cxd5 4.cxd5 Nf6 5.Nc3 Nxd5 6.Nf3 Nxc3 7.bxc3 e6 8.d4 Be7
9.Bc4 Nc6 10.O-O O-O 11.Re1 b6 12.Qe2 Na5 13.Bd3 Bb7 14.Bb2 Bf6 15.Rad1 Rc8
16.Ba3 Be7 17.Bb2  1/2-1/2